[Event "TCh-TUR Super League 2014"]
[Site "Kocaeli TUR"]
[Date "2014.08.27"]
[Round "11.3"]
[Board "10"]
[White "Ozaltun, Ecem"]
[Black "Okuyaz, Duru"]
[Result "0-1"]
[BlackTitle "WCM"]
[WhiteElo "1531"]
[BlackElo "1888"]
[WhiteTeam "Aliaga Genclik VE Spor Kulubu Dernegi"]
[BlackTeam "Tarsus Zeka Satranc Kulubu"]
[WhiteFideId "6345050"]
[BlackFideId "6346022"]
[EventDate "2014.08.18"]

1. d4 d5 2. Nf3 Nf6 3. e3 e6 4. Bd3 c5 5. b3 Nc6 6. Bb2 Bd6 7. Ne5 O-O 8. a3
cxd4 9. exd4 Nd7 10. Nxc6 bxc6 11. O-O Qh4 12. g3 Qh3 13. Re1 Qh6 14. Nd2 f5 15.
Bc1 Qf6 16. Nf3 f4 17. Rf1 e5 18. dxe5 Nxe5 19. Bxf4 Bg4 20. Be2 Bxf3 21. Bxf3
g5 22. Bxe5 Bxe5 23. Bxd5+ cxd5 24. Qxd5+ Kh8 25. Rae1 Bd4 26. Re2 Rad8 27. Qc4
Rde8 28. Qd3 Rxe2 29. Qxe2 Qf3 30. Qd2 Bb6 31. Qe1 h6 32. Qe5+ Kh7 33. Qe7+ Rf7
34. Qe1 h5 35. Qd2 Kh8 36. a4 h4 37. Qd3 Bxf2+ 0-1

[Event "TCh-TUR Super League 2014"]
[Site "Kocaeli TUR"]
[Date "2014.08.27"]
[Round "11.4"]
[Board "1"]
[White "Ding, Liren"]
[Black "Grachev, Boris"]
[Result "1/2-1/2"]
[WhiteTitle "GM"]
[BlackTitle "GM"]
[WhiteElo "2742"]
[BlackElo "2672"]
[WhiteTeam "T.S. Alyans Satranc Spor Kulubu"]
[BlackTeam "Akdeniz Belediyesi Spor Kulubu"]
[WhiteFideId "8603677"]
[BlackFideId "4129199"]
[EventDate "2014.08.18"]

1. d4 d5 2. c4 e6 3. Nf3 Nf6 4. Nc3 c5 5. cxd5 cxd4 6. Qxd4 exd5 7. e4 Nc6 8.
Bb5 dxe4 9. Qxd8+ Kxd8 10. Ng5 Be6 11. Nxe6+ fxe6 12. Bxc6 bxc6 13. Ke2 Kc7 14.
Rd1 Bd6 15. Be3 Rab8 16. b3 a6 17. Rac1 Rhd8 18. Rc2 h6 19. Rdc1 Ba3 20. Bf4+
Kb7 21. Bxb8 Bxc1 22. Be5 Ba3 23. Bxf6 gxf6 24. Nxe4 f5 25. Nd2 Bd6 26. Nc4 Bc7
27. Rc3 Rg8 28. g3 c5 29. Re3 Rg6 30. Kd3 Kc6 31. f4 Kd5 32. Kc3 Rg7 33. Re2 Rh7
34. Ne3+ Kc6 35. Ng2 Kd5 36. Rd2+ Kc6 37. Kc4 Bd6 38. Re2 Kd7 39. Ne1 Rh8 40.
Nd3 Rc8 41. Ne5+ Bxe5 42. fxe5 Rc6 43. Rd2+ Kc7 44. Rd3 Rb6 45. a3 h5 46. Re3
Rb8 47. Rd3 Rb6 48. h4 Rc6 49. a4 Kc8 50. a5 Kc7 51. Rd2 Kc8 52. Rd3 1/2-1/2

[Event "TCh-TUR Super League 2014"]
[Site "Kocaeli TUR"]
[Date "2014.08.27"]
[Round "11.4"]
[Board "3"]
[White "Haznedaroglu, Kivanc"]
[Black "Annaberdiev, Meilis"]
[Result "0-1"]
[WhiteTitle "GM"]
[BlackTitle "IM"]
[WhiteElo "2471"]
[BlackElo "2439"]
[WhiteTeam "T.S. Alyans Satranc Spor Kulubu"]
[BlackTeam "Akdeniz Belediyesi Spor Kulubu"]
[WhiteFideId "6300634"]
[BlackFideId "14000563"]
[EventDate "2014.08.18"]

1. c4 e5 2. Nc3 Nf6 3. g3 d5 4. cxd5 Nxd5 5. Bg2 Nb6 6. Nf3 Nc6 7. O-O Be7 8. d3
O-O 9. Be3 Be6 10. a3 f6 11. Rc1 Rf7 12. Ne4 Nd4 13. Nc5 Bxc5 14. Rxc5 c6 15.
Bxd4 exd4 16. Nd2 Re7 17. Re1 Qd7 18. Ne4 Bd5 19. Rc1 Rae8 20. Nc5 Qf5 21. Be4
Qh3 22. Bxd5+ Nxd5 23. Nb3 f5 24. Nxd4 f4 25. Nf3 fxg3 26. hxg3 Ne3 27. Qb3+ Kh8
28. fxe3 Qxg3+ 29. Kf1 Re6 30. Rc4 Rh6 31. Rh4 Rxh4 32. Nxh4 Qxh4 33. Qf7 Qh3+
34. Kg1 Qxe3+ 35. Qf2 Qg5+ 36. Qg2 Qd2 37. Qf2 h6 38. b4 Re5 39. d4 Qg5+ 40. Kh1
Re4 0-1

[Event "TCh-TUR Super League 2014"]
[Site "Kocaeli TUR"]
[Date "2014.08.27"]
[Round "11.4"]
[Board "4"]
[White "Annaberdiyev, Babageldi"]
[Black "Arduman, Can"]
[Result "1/2-1/2"]
[WhiteTitle "FM"]
[BlackTitle "IM"]
[WhiteElo "2238"]
[BlackElo "2347"]
[WhiteTeam "Akdeniz Belediyesi Spor Kulubu"]
[BlackTeam "T.S. Alyans Satranc Spor Kulubu"]
[WhiteFideId "14000385"]
[BlackFideId "6300022"]
[EventDate "2014.08.18"]

1. e4 d6 2. d4 Nf6 3. Nc3 g6 4. Be2 Bg7 5. Nf3 O-O 6. O-O Bg4 7. Be3 Nc6 8. d5
Bxf3 9. Bxf3 Ne5 10. Be2 c6 11. f4 Ned7 12. dxc6 bxc6 13. Bf3 Rb8 14. Rb1 Qc7
15. Qd2 e5 16. Rfd1 exf4 17. Bxf4 Ne8 18. Na4 Ne5 19. b3 Qe7 20. Rf1 Nc7 21.
Rbd1 Ne6 22. Be3 Rfd8 23. c4 Qc7 24. Kh1 Rd7 25. Qc2 c5 26. Nc3 Qd8 27. Nd5 Nc7
28. Qe2 Nxd5 29. Rxd5 Qe7 30. Rfd1 Qe6 31. Bf4 h5 32. Qd2 Rbd8 33. Be2 Kh7 34.
a3 a5 35. Qxa5 Nc6 36. Qd2 Nd4 37. b4 Ra8 38. bxc5 dxc5 39. Qd3 Rb7 40. e5 Nxe2
41. Qxe2 Rxa3 42. Be3 Rc3 43. Bxc5 Qg4 44. Qxg4 hxg4 45. R5d4 Rc7 46. Bd6 R7xc4
47. Rxc4 Rxc4 48. Rf1 Kg8 49. g3 Re4 50. Rf2 Bxe5 51. Bxe5 Rxe5 52. Kg2 Kg7 53.
h3 gxh3+ 54. Kxh3 Rh5+ 55. Kg2 f5 56. Ra2 Kf6 57. Ra6+ Kg5 58. Rb6 Rh8 59. Rb4
Ra8 60. Rb2 Ra4 61. Rc2 Kg4 62. Rb2 g5 63. Rc2 Ra3 64. Rc4+ f4 65. gxf4 gxf4 66.
Rc2 Rg3+ 67. Kf2 Rh3 68. Kg2 f3+ 69. Kg1 Kg3 70. Rg2+ Kf4 71. Ra2 Rg3+ 72. Kf1
Rg7 73. Ra8 Ke5 1/2-1/2

[Event "TCh-TUR Super League 2014"]
[Site "Kocaeli TUR"]
[Date "2014.08.27"]
[Round "11.4"]
[Board "5"]
[White "Nalbantoglu, Hulki"]
[Black "Dogan, Nazmi Can"]
[Result "0-1"]
[WhiteElo "2020"]
[BlackElo "2135"]
[WhiteTeam "T.S. Alyans Satranc Spor Kulubu"]
[BlackTeam "Akdeniz Belediyesi Spor Kulubu"]
[WhiteFideId "6302378"]
[BlackFideId "6309658"]
[EventDate "2014.08.18"]

1. d4 e6 2. Nf3 d5 3. Bf4 Nf6 4. e3 c5 5. c3 Nc6 6. Nbd2 Bd6 7. Bg5 h6 8. Bh4
Qb6 9. Qb3 Bd7 10. Be2 cxd4 11. Qxb6 axb6 12. exd4 Nh5 13. Bg3 Nxg3 14. hxg3 O-O
15. O-O Rfc8 16. Rfe1 Na5 17. Bd3 b5 18. Ne5 Be8 19. a3 Nc4 20. Ndxc4 bxc4 21.
Bc2 Ra6 22. Rad1 g5 23. g4 Kg7 24. Rd2 Rb6 25. Bb1 f6 26. Nf3 Bf4 27. Rde2 Bf7
28. g3 Bc7 29. Kg2 Ra8 30. Rd2 Ra5 31. Ree2 Bd6 32. Ba2 Bf8 33. Ne1 Bg6 34. f4
Rab5 35. Kf3 Kf7 36. Ke3 Be4 37. Nf3 Bd3 38. Rf2 Kg7 39. Ne1 Bh7 40. Nf3 Bd6 41.
Rh2 Ra5 42. Rh1 Bg6 43. Re1 Bf8 44. Rf1 Rab5 45. Rff2 Be8 46. Rh2 Bg6 47. Rhf2
Ra5 48. Rf1 Be4 49. Rff2 Bxa3 50. bxa3 Rxa3 51. fxg5 hxg5 52. Ke2 Rxc3 53. Ng1
Rxg3 0-1

[Event "TCh-TUR Super League 2014"]
[Site "Kocaeli TUR"]
[Date "2014.08.27"]
[Round "11.4"]
[Board "6"]
[White "Yildiz, Betul Cemre"]
[Black "Wang, Jue"]
[Result "1/2-1/2"]
[WhiteTitle "WGM"]
[BlackTitle "WGM"]
[WhiteElo "2296"]
[BlackElo "2368"]
[WhiteTeam "Akdeniz Belediyesi Spor Kulubu"]
[BlackTeam "T.S. Alyans Satranc Spor Kulubu"]
[WhiteFideId "6302920"]
[BlackFideId "8604070"]
[EventDate "2014.08.18"]

1. d4 Nf6 2. Nf3 g6 3. Nbd2 Bg7 4. e4 d6 5. Bd3 O-O 6. O-O Nc6 7. c3 e5 8. Re1
Nh5 9. Nb3 h6 10. h3 Qf6 11. Bc2 Rd8 12. Be3 a5 13. a4 Nf4 14. Bxf4 Qxf4 15. Qc1
Qf6 16. Qe3 Bd7 17. Rad1 Re8 18. dxe5 Nxe5 19. Nxe5 Rxe5 20. Nd4 Rae8 21. Qd2
R5e7 22. Re2 Qg5 23. Qxg5 hxg5 24. Kf1 g4 25. hxg4 Bxg4 26. f3 Bd7 27. Bb3 Re5
28. Kf2 Rh5 29. Nb5 Rc8 30. Nd4 Ra8 31. Ra1 Ra6 32. Bc4 Rb6 33. Nb5 Rc5 34. Bd3
Be6 35. Rd1 Kf8 36. Nd4 Bc4 37. Bxc4 Rxc4 38. Nb5 Ke7 39. b3 Rc5 40. c4 Be5 41.
Rd3 Ra6 42. Nc3 Bxc3 43. Rxc3 Rb6 44. Rd3 Rh5 45. Re1 Ke6 46. f4 Kf6 47. Kf3 Ke6
48. Kf2 Kf6 49. Kf3 Ke6 1/2-1/2

[Event "TCh-TUR Super League 2014"]
[Site "Kocaeli TUR"]
[Date "2014.08.27"]
[Round "11.4"]
[Board "7"]
[White "Topak, Engin"]
[Black "Koksal, Ege"]
[Result "0-1"]
[WhiteTitle "FM"]
[BlackTitle "CM"]
[WhiteElo "2208"]
[BlackElo "2219"]
[WhiteTeam "T.S. Alyans Satranc Spor Kulubu"]
[BlackTeam "Akdeniz Belediyesi Spor Kulubu"]
[WhiteFideId "6300324"]
[BlackFideId "6317626"]
[EventDate "2014.08.18"]

1. c4 c6 2. d4 d5 3. Nc3 Nf6 4. e3 Bf5 5. Nf3 e6 6. Be2 h6 7. O-O Nbd7 8. b3 Bd6
9. Bb2 O-O 10. Bd3 Ne4 11. Qc2 Ndf6 12. Ne5 Nxc3 13. Bxc3 Bxd3 14. Nxd3 Ne4 15.
Be1 Qg5 16. Qe2 Qg6 17. f3 Nf6 18. Bb4 Bxb4 19. Nxb4 Nd7 20. Nd3 Rfe8 21. Rad1
dxc4 22. bxc4 e5 23. Nxe5 Nxe5 24. dxe5 Rxe5 25. Qd3 Qe6 26. e4 Re8 27. Rf2 b6
28. g3 h5 29. Kg2 h4 30. g4 Qh6 31. Qd2 h3+ 32. Kg1 Qe6 33. Qd3 Rc5 34. Rc2 Qf6
35. Qe3 Rd8 36. Rxd8+ Qxd8 37. Rd2 Qh4 38. Rd4 b5 39. Kf1 bxc4 40. Rd1 Ra5 41.
e5 Qe7 42. f4 Ra3 43. Qe4 Rxa2 44. f5 c3 45. e6 fxe6 46. fxe6 Qf6+ 47. Qf5 Qxf5+
48. gxf5 Rd2 49. Ke1 Rxd1+ 50. Kxd1 Kf8 51. Kc2 Ke7 52. Kxc3 g6 0-1

[Event "TCh-TUR Super League 2014"]
[Site "Kocaeli TUR"]
[Date "2014.08.27"]
[Round "11.4"]
[Board "8"]
[White "Aslan, Cagla Yaren"]
[Black "Soydan, Busra"]
[Result "1/2-1/2"]
[WhiteElo "1760"]
[BlackElo "1762"]
[WhiteTeam "Akdeniz Belediyesi Spor Kulubu"]
[BlackTeam "T.S. Alyans Satranc Spor Kulubu"]
[WhiteFideId "6324878"]
[BlackFideId "6318673"]
[EventDate "2014.08.18"]

1. e4 c5 2. Nf3 d6 3. d3 g6 4. g3 Bg7 5. Bg2 e5 6. O-O Ne7 7. h4 Bg4 8. Na3 Nbc6
9. c3 O-O 10. Nc4 b5 11. Ne3 Bd7 12. h5 Qc8 13. Nh2 Kh8 14. g4 gxh5 15. g5 f5
16. exf5 Nxf5 17. Qxh5 Be8 18. Qg4 Bd7 19. Nxf5 Bxf5 20. Qf3 Bd7 21. Qe4 Qe8 22.
f4 exf4 23. Bxf4 Be5 24. Bxe5+ Qxe5 25. Qxe5+ dxe5 26. Rf6 Rxf6 27. gxf6 Rf8 28.
Rf1 Nd8 29. Be4 Be6 30. a3 a5 31. Rf2 Nf7 32. Nf3 Rg8+ 33. Rg2 Bg4 34. Kf2 h5
35. Nh4 Rd8 36. Ng6+ Kg8 37. Ne7+ Kf8 38. Bf3 Rd6 39. Ng6+ Ke8 40. Bxg4 hxg4 41.
Ke3 Rxf6 42. Rxg4 Kd7 43. Nh4 Kc6 44. Rg6 Rxg6 45. Ke4 1/2-1/2

[Event "TCh-TUR Super League 2014"]
[Site "Kocaeli TUR"]
[Date "2014.08.27"]
[Round "11.4"]
[Board "9"]
[White "Dedebas, Emre Emin"]
[Black "Acar, Utku Cengiz"]
[Result "1/2-1/2"]
[WhiteElo "1868"]
[BlackElo "1815"]
[WhiteTeam "T.S. Alyans Satranc Spor Kulubu"]
[BlackTeam "Akdeniz Belediyesi Spor Kulubu"]
[WhiteFideId "6349005"]
[BlackFideId "6358900"]
[EventDate "2014.08.18"]

1. d4 Nf6 2. Nf3 g6 3. c4 Bg7 4. Nc3 O-O 5. e4 d6 6. Be2 e5 7. O-O Nc6 8. d5 Ne7
9. b4 Nh5 10. Re1 Nf4 11. Bf1 a5 12. bxa5 Rxa5 13. Bd2 c5 14. dxc6 bxc6 15. Ne2
Nxe2+ 16. Qxe2 Ra4 17. Qd1 Ra7 18. c5 d5 19. Bc3 d4 20. Bd2 Qc7 21. Bc4 Kh8 22.
a4 f5 23. Ng5 Ng8 24. Qb3 Nf6 25. exf5 gxf5 26. Qb6 e4 27. Qxc7 Rxc7 28. Bf4 Ra7
29. Bd6 d3 30. Bxf8 Bxf8 31. Nf7+ Kg7 32. Ne5 Bxc5 33. Nxd3 exd3 34. Bxd3 Bd4
35. Ra2 c5 36. h3 Nd5 37. Ra3 Kf6 38. Re8 Be6 39. Bc4 Rb7 40. Rb3 Ra7 41. Rb6
Ke5 1/2-1/2

[Event "TCh-TUR Super League 2014"]
[Site "Kocaeli TUR"]
[Date "2014.08.27"]
[Round "11.4"]
[Board "10"]
[White "Temel, Burcu Melis"]
[Black "Ozbay, Ece"]
[Result "1-0"]
[WhiteElo "1753"]
[BlackElo "1611"]
[WhiteTeam "Akdeniz Belediyesi Spor Kulubu"]
[BlackTeam "T.S. Alyans Satranc Spor Kulubu"]
[WhiteFideId "6345492"]
[BlackFideId "6351743"]
[EventDate "2014.08.18"]

1. e4 c5 2. Nf3 Nc6 3. Bb5 g6 4. Bxc6 dxc6 5. d3 Bg7 6. h3 Nf6 7. O-O O-O 8. Be3
b6 9. Nc3 e5 10. a3 Qd6 11. Qd2 Bd7 12. Rfb1 Rfd8 13. b4 cxb4 14. axb4 Be6 15.
Ra4 Qc7 16. Qc1 Ne8 17. Qb2 Nd6 18. Rba1 Nc8 19. Ng5 Qe7 20. Nxe6 fxe6 21. Nb1
Rb8 22. Nd2 h6 23. Nf3 Qd6 24. Ra6 Rb7 25. Bd2 c5 26. bxc5 Qxc5 27. Qb3 Qc6 28.
Bc3 Qd6 29. Qb2 Rc7 30. Bxe5 Bxe5 31. Nxe5 Qd4 32. Qxd4 Rxd4 33. Nc4 Kf7 34. Kf1
Kf6 35. Ke2 Rdd7 36. Ke3 g5 37. g3 Rg7 38. Kd2 Rgd7 39. Na3 Nd6 40. Re1 e5 41.
Ke3 Rc3 42. Re2 h5 43. f4 Rdc7 44. Rf2 gxf4+ 45. gxf4 exf4+ 46. Rxf4+ Kg5 47.
h4+ Kg6 48. Rf8 Re7 49. Kf4 Rc5 50. Rd8 Rf7+ 51. Ke3 Rc6 52. c4 Re7 53. Kd4 Nb7
54. Rxa7 Rf7 55. Rd5 Rcf6 56. Ra8 Rh7 57. Rg8+ Kf7 58. Rgg5 Ke8 59. Nb5 Nc5 60.
Ke3 Ke7 61. Rxh5 Rg7 62. Rhg5 Rh7 63. h5 Ne6 64. Rge5 Rg7 65. Nd4 Rg3+ 66. Kd2
Rg2+ 67. Kc3 Rh2 68. Nxe6 Rxe6 69. Rxe6+ Kxe6 70. Kb4 Rb2+ 71. Kc3 Rh2 72. Kd4
Rh4 73. Rb5 Kd7 74. Rxb6 Rxh5 75. e5 Rh4+ 76. Kd5 Rh5 77. Rb7+ Kc8 78. Rg7 Rh6
79. e6 Rh5+ 80. Kc6 Kd8 81. Kd6 Kc8 82. d4 Rh4 83. Rc7+ Kb8 84. d5 Rh6 85. Kd7
Rh7+ 86. e7 Rg7 87. d6 Rh7 88. Kd8 Rh8+ 89. e8=Q Rxe8+ 90. Kxe8 Ka8 91. Kd7 Kb8
92. Kc6 Ka8 93. Kb6 Kb8 94. c5 Ka8 95. Rc8# 1-0

[Event "TCh-TUR Super League 2014"]
[Site "Kocaeli TUR"]
[Date "2014.08.27"]
[Round "11.5"]
[Board "2"]
[White "Benidze, Davit"]
[Black "Heberla, Bartlomiej"]
[Result "1/2-1/2"]
[WhiteTitle "GM"]
[BlackTitle "GM"]
[WhiteElo "2458"]
[BlackElo "2574"]
[WhiteTeam "Kahramanmaras Buyuksehir Belediyesi Spor Kulubu"]
[BlackTeam "Turk Hava Yollari Spor Kulubu"]
[WhiteFideId "13603086"]
[BlackFideId "1115120"]
[EventDate "2014.08.18"]

1. Nf3 c5 2. g3 g6 3. Bg2 Bg7 4. O-O Nc6 5. c3 e5 6. e4 Nge7 7. d3 d6 8. a4 O-O
9. Na3 h6 10. Nh4 Be6 11. f4 Qd7 12. Nc2 exf4 13. gxf4 f5 14. Ne3 Kh7 15. Nd5
Rae8 16. Bd2 fxe4 17. dxe4 Bg4 18. Qc2 Nxd5 19. exd5 Ne7 20. Rae1 Nf5 21. Nf3
Bxf3 22. Rxf3 Rxe1+ 23. Bxe1 Re8 24. Bf2 Qe7 25. Bf1 Qe4 26. Qxe4 Rxe4 27. b3
Re8 28. Bb5 Re7 29. Bd3 Bf6 30. Kf1 Kg7 31. Rh3 Re8 32. Kg2 Re7 33. Kf1 Re8 34.
Kg2 Re7 1/2-1/2

[Event "TCh-TUR Super League 2014"]
[Site "Kocaeli TUR"]
[Date "2014.08.27"]
[Round "11.5"]
[Board "3"]
[White "Gagunashvili, Merab"]
[Black "Javakhadze, Zurab"]
[Result "1/2-1/2"]
[WhiteTitle "GM"]
[BlackTitle "IM"]
[WhiteElo "2573"]
[BlackElo "2423"]
[WhiteTeam "Turk Hava Yollari Spor Kulubu"]
[BlackTeam "Kahramanmaras Buyuksehir Belediyesi Spor Kulubu"]
[WhiteFideId "13601652"]
[BlackFideId "13603647"]
[EventDate "2014.08.18"]

1. d4 Nf6 2. c4 e6 3. Nc3 Bb4 4. Qc2 d5 5. cxd5 exd5 6. Bg5 h6 7. Bh4 c5 8. dxc5
g5 9. Bg3 Ne4 10. e3 Qa5 11. Ne2 Nc6 12. a3 Bf5 13. Qc1 Nxc5 14. axb4 Nd3+ 15.
Kd2 Qxb4 16. Ra4 Nxc1 17. Rxb4 Nxe2 18. Rxb7 Nxg3 19. hxg3 d4 20. exd4 Nxd4 21.
Nd5 Rd8 22. Bc4 O-O 23. Kc3 Ne2+ 24. Kb4 Nd4 25. Rxh6 Kg7 26. Rh5 Be4 27. Rxg5+
Kh6 28. f4 f6 29. Rg4 Bxd5 30. Rh4+ Kg6 31. Bd3+ Nf5 32. Rg4+ Kh6 33. Rh4+ 1/2-1/2

[Event "TCh-TUR Super League 2014"]
[Site "Kocaeli TUR"]
[Date "2014.08.27"]
[Round "11.5"]
[Board "5"]
[White "Yaramis, Hakan"]
[Black "Erden, Kadir"]
[Result "1/2-1/2"]
[WhiteElo "2089"]
[BlackElo "2220"]
[WhiteTeam "Turk Hava Yollari Spor Kulubu"]
[BlackTeam "Kahramanmaras Buyuksehir Belediyesi Spor Kulubu"]
[WhiteFideId "6304613"]
[BlackFideId "6305776"]
[EventDate "2014.08.18"]

1. d4 Nf6 2. c4 d6 3. Nf3 Nbd7 4. Nc3 e5 5. e4 Be7 6. Be2 O-O 7. O-O c6 8. Qc2
a6 9. Rd1 Qc7 10. a4 a5 11. h3 h6 12. Be3 Re8 13. d5 Bf8 14. Rac1 Nc5 15. Bxc5
dxc5 16. Nh2 Bd7 17. Qd3 Rad8 18. g4 Bc8 19. Qg3 Nh7 20. Nf1 Be7 21. Ne3 Bg5 22.
Rc2 Bf4 23. Qg2 Qe7 24. Qh1 h5 25. Ng2 hxg4 26. Nxf4 exf4 27. Bxg4 Bxg4 28. hxg4
Rd6 29. f3 Rh6 30. Rh2 Rxh2 31. Qxh2 Ng5 32. Kg2 Qe5 33. Qg1 Qe7 34. Qf2 Qe5 35.
Qg1 Qd6 36. Qf2 f6 37. Qd2 Nf7 38. dxc6 Qxd2+ 39. Rxd2 bxc6 40. Ne2 g5 41. Nc1
Ne5 42. b3 Rb8 43. Rd1 Kf7 44. Kf2 Rh8 45. Kg2 Ke7 46. Ne2 Ng6 47. Nc1 Rb8 48.
Kf2 Rh8 49. Kg2 1/2-1/2

[Event "TCh-TUR Super League 2014"]
[Site "Kocaeli TUR"]
[Date "2014.08.27"]
[Round "11.5"]
[Board "6"]
[White "Isgandarova, Khayala"]
[Black "Sapmaz, Dilay"]
[Result "1-0"]
[WhiteTitle "WIM"]
[WhiteElo "2190"]
[BlackElo "1408"]
[WhiteTeam "Kahramanmaras Buyuksehir Belediyesi Spor Kulubu"]
[BlackTeam "Turk Hava Yollari Spor Kulubu"]
[WhiteFideId "13401823"]
[BlackFideId "6322883"]
[EventDate "2014.08.18"]

1. e4 c5 2. Nc3 Nc6 3. g3 g6 4. d3 Bg7 5. Be3 d6 6. Qd2 Nf6 7. h3 a6 8. Bg2 b5
9. e5 Bb7 10. exf6 Bxf6 11. Nge2 b4 12. Nd1 Bg7 13. d4 cxd4 14. Nxd4 Qc7 15.
Nxc6 Bxc6 16. Bxc6+ Qxc6 17. O-O O-O 18. c3 bxc3 19. Nxc3 e6 20. Bh6 Rfc8 21.
Bxg7 Kxg7 22. Rad1 d5 23. Qd4+ Kg8 24. Rfe1 Rab8 25. h4 Qc4 26. Qe5 Qc7 27. Qf6
Qd8 28. Qxd8+ Rxd8 29. b3 Rbc8 30. Rc1 Kg7 31. Kf1 Kf6 32. Ke2 Kf5 33. f3 h5 34.
Na4 e5 35. Nb6 Rxc1 36. Rxc1 Rd6 37. Nc8 Re6 38. Rc6 Rxc6 39. Ne7+ Ke6 40. Nxc6
Kd6 41. Nb4 a5 42. Nd3 f5 43. a3 d4 44. b4 axb4 45. axb4 Kd5 46. b5 Kd6 47. b6
e4 48. fxe4 fxe4 49. Ne5 1-0

[Event "TCh-TUR Super League 2014"]
[Site "Kocaeli TUR"]
[Date "2014.08.27"]
[Round "11.5"]
[Board "7"]
[White "Soysal, Serkan"]
[Black "Dastan, Muhammed Batuhan"]
[Result "1-0"]
[BlackTitle "IM"]
[WhiteElo "2261"]
[BlackElo "2432"]
[WhiteTeam "Turk Hava Yollari Spor Kulubu"]
[BlackTeam "Kahramanmaras Buyuksehir Belediyesi Spor Kulubu"]
[WhiteFideId "6349250"]
[BlackFideId "6300014"]
[EventDate "2014.08.18"]

1. d4 f5 2. Nf3 Nf6 3. h3 d5 4. Bf4 g6 5. e3 Bg7 6. c4 c6 7. Nc3 O-O 8. Qb3 e6
9. Bd3 Nbd7 10. O-O Qe7 11. Rac1 Kh8 12. Bh2 Ne4 13. Qc2 Nd6 14. b3 b6 15. cxd5
exd5 16. Qe2 Ne4 17. Ba6 b5 18. Bxc8 Raxc8 19. Qd3 a6 20. Ne2 c5 21. dxc5 Ndxc5
22. Qb1 b4 23. Rfd1 Rfd8 24. Rc2 Nc3 25. Nxc3 bxc3 26. Nd4 Ne4 27. Qc1 Bh6 28.
Rd3 Re8 29. Ne2 Qh4 30. Nxc3 Nxf2 31. Rxf2 d4 32. Bf4 dxc3 33. Rxc3 Rxc3 34.
Qxc3+ Bg7 35. Qc6 Qe7 36. Rd2 Qe4 37. Qxe4 fxe4 38. Rd6 a5 39. Ra6 Bc3 40. Bc7
Bd2 41. Kf2 Rc8 42. Ra7 Kg8 43. Ke2 Bb4 44. a4 Bc5 45. Rb7 Bb4 46. Rb8 Rxb8 47.
Bxb8 Kf7 48. Bg3 Bc5 49. Be1 Bb6 50. b4 axb4 51. Bxb4 Ke6 52. a5 1-0

[Event "TCh-TUR Super League 2014"]
[Site "Kocaeli TUR"]
[Date "2014.08.27"]
[Round "11.5"]
[Board "8"]
[White "Cemhan, Kardelen"]
[Black "Ozturk, Hilal"]
[Result "0-1"]
[WhiteTitle "WCM"]
[WhiteElo "2019"]
[BlackElo "1816"]
[WhiteTeam "Kahramanmaras Buyuksehir Belediyesi Spor Kulubu"]
[BlackTeam "Turk Hava Yollari Spor Kulubu"]
[WhiteFideId "6325670"]
[BlackFideId "6315330"]
[EventDate "2014.08.18"]

1. e4 e5 2. Nf3 Nc6 3. d4 exd4 4. Nxd4 Nf6 5. Nxc6 bxc6 6. e5 Qe7 7. Qe2 Nd5 8.
c4 Nb6 9. Nc3 Qe6 10. Qe4 g6 11. Bd3 Bg7 12. f4 O-O 13. O-O d5 14. cxd5 cxd5 15.
Qf3 a6 16. Bd2 Rd8 17. Rae1 f5 18. exf6 Qxf6 19. Kh1 Bf5 20. Re2 Bxd3 21. Qxd3
c6 22. Rfe1 Nc4 23. Bc1 Kf7 24. Qh3 Nd6 25. Re6 Qf5 26. Re7+ Kg8 27. g4 Qf8 28.
Rc7 Re8 29. Rf1 Rac8 30. Rxc8 Rxc8 31. f5 Qe7 32. Bh6 Bf6 33. fxg6 hxg6 34. Qf3
Bh8 35. Qd3 Kh7 36. Bd2 d4 37. Qh3+ Kg8 38. Nd1 Qe4+ 39. Kg1 Nc4 40. Re1 Qd5 41.
Bf4 d3 42. Nf2 d2 43. Rd1 Re8 44. Qf1 Bxb2 45. h3 Bc3 46. Nd3 Qd4+ 47. Kh2 Rf8
48. Qe2 Rxf4 49. Nxf4 Qxf4+ 50. Kh1 Ne3 0-1

[Event "TCh-TUR Super League 2014"]
[Site "Kocaeli TUR"]
[Date "2014.08.27"]
[Round "11.5"]
[Board "9"]
[White "Akdogan, Alperen"]
[Black "Yaran, Siar"]
[Result "1-0"]
[BlackTitle "CM"]
[WhiteElo "1792"]
[BlackElo "2041"]
[WhiteTeam "Turk Hava Yollari Spor Kulubu"]
[BlackTeam "Kahramanmaras Buyuksehir Belediyesi Spor Kulubu"]
[WhiteFideId "6347363"]
[BlackFideId "6323006"]
[EventDate "2014.08.18"]

1. d4 Nf6 2. Nf3 c5 3. c3 b6 4. dxc5 bxc5 5. e4 d6 6. Bc4 e6 7. e5 dxe5 8. Qxd8+
Kxd8 9. Nxe5 Ke8 10. Bb5+ Nfd7 11. Bf4 Bb7 12. O-O Ke7 13. Nxd7 Nxd7 14. Rd1 Nb6
15. Na3 a6 16. Be2 Nd5 17. Bg3 g5 18. Bf3 Bc6 19. Nc4 Rc8 20. Bxd5 Bxd5 21. Nb6
Bg7 22. Nxd5+ exd5 23. Rxd5 Rhd8 24. Re1+ Kf6 25. Red1 Rxd5 26. Rxd5 Rc6 27. c4
h6 28. Be5+ Kg6 29. Bxg7 Kxg7 30. Kf1 Kf6 31. Ke2 Ke6 32. Kd3 Rc8 33. Kc3 f5 34.
a3 a5 35. b4 axb4+ 36. axb4 cxb4+ 37. Kxb4 h5 38. Rd2 Rb8+ 39. Kc3 Rc8 40. Rc2
Kd6 41. Kd4 Re8 42. Ra2 Re4+ 43. Kd3 Rh4 44. h3 g4 45. hxg4 Rxg4 46. f3 Rg8 47.
Kd4 h4 48. c5+ Kc6 49. Ra6+ Kc7 50. Rh6 Rxg2 51. Rxh4 Rg1 52. Rh5 Rd1+ 53. Kc4
Rc1+ 54. Kd5 Rd1+ 55. Ke6 f4 56. Ke5 Rc1 57. Kxf4 Kc6 58. Re5 Rg1 59. Kf5 Rg8
60. f4 Rf8+ 61. Kg5 Rg8+ 62. Kh6 Rg1 63. f5 Rh1+ 64. Kg6 Rg1+ 65. Kf7 Kd7 66. f6
Rg2 67. Kf8 Rg3 68. f7 Rg1 69. c6+ Kd6 70. Re2 Ra1 71. c7 Rh1 72. c8=Q Rh8+ 73.
Kg7 Rxc8 74. f8=Q+ Rxf8 75. Kxf8 1-0

[Event "TCh-TUR Super League 2014"]
[Site "Kocaeli TUR"]
[Date "2014.08.27"]
[Round "11.5"]
[Board "10"]
[White "Dogan, Sevval"]
[Black "Kaymaz, Lena Nur"]
[Result "1/2-1/2"]
[WhiteElo "1651"]
[BlackElo "1687"]
[WhiteTeam "Kahramanmaras Buyuksehir Belediyesi Spor Kulubu"]
[BlackTeam "Turk Hava Yollari Spor Kulubu"]
[WhiteFideId "6322565"]
[BlackFideId "6359990"]
[EventDate "2014.08.18"]

1. e4 d6 2. d4 g6 3. Nc3 Bg7 4. f4 Nf6 5. Nf3 O-O 6. Bd3 Na6 7. a3 c5 8. d5 Nc7
9. O-O b5 10. Re1 Rb8 11. h3 e6 12. dxe6 Bxe6 13. Be3 Re8 14. Qd2 Qe7 15. Qf2
Nd7 16. g4 Bc4 17. g5 Bxd3 18. cxd3 f5 19. exf5 gxf5 20. Bxc5 Nxc5 21. Rxe7 Rxe7
22. Rd1 Rbe8 23. Nd4 Bxd4 24. Qxd4 Re6 25. b4 Nb3 26. Qxa7 R8e7 27. Qb8+ Kg7 28.
Nxb5 Nxb5 29. Qxb5 Nd4 30. Qc4 Nf3+ 31. Kf2 Re2+ 32. Kf1 Nh2+ 33. Kg1 Nf3+ 34.
Kf1 Nh2+ 35. Kg1 Nf3+ 1/2-1/2